Slovensko-anglicko-nemecký výkladový slovník interkultúrnej komunikácie
Saved in:
| Main Author: | |
|---|---|
| Other Authors: | , |
| Format: | Book |
| Language: | Slovak English German |
| Published: |
Banská Bystrica
Univerzita Mateja Bela v Banskej Bystrici. Ekonomická fakulta
2009
|
| Subjects: | |
| Tags: |
No Tags, Be the first to tag this record!
|
MARC
| LEADER | 00000nam a2200000 4500 | ||
|---|---|---|---|
| 001 | 0123391 | ||
| 005 | 20240503113136.7 | ||
| 020 | |a 978-80-8083-918-5 | ||
| 041 | 0 | |a slo | |
| 041 | 0 | |a eng | |
| 041 | 0 | |a ger | |
| 044 | |a SK | ||
| 245 | 1 | 0 | |a Slovensko-anglicko-nemecký výkladový slovník interkultúrnej komunikácie |c Dana Benčiková, Martina Minárová, Mária Polčicová |
| 264 | 1 | |a Banská Bystrica |b Univerzita Mateja Bela v Banskej Bystrici. Ekonomická fakulta |c 2009 | |
| 300 | |a 85 s. | ||
| 610 | 2 | 0 | |a komunikácia multikultúrna |
| 610 | 2 | 0 | |a pojmy |
| 610 | 2 | 0 | |a komunikácia neverbálna |
| 610 | 2 | 0 | |a kultúra |
| 610 | 2 | 0 | |a vzdelávanie |
| 610 | 2 | 0 | |a jazyky cudzie |
| 610 | 2 | 0 | |a terminológia |
| 610 | 2 | 0 | |a jazykoveda |
| 100 | 1 | |a Benčiková, Dana | |
| 700 | 1 | |a Minárová, Martina | |
| 700 | 1 | |a Polčicová, Mária | |